Sobotta. Atlas de Anatomía Humana. (Registro nro. 400)

Detalles MARC
000 -LEADER
fixed length control field 01142 am a2200313 a 4500
005 - FECHA ULTIMA MODIFICACION
control field 20240805094136.0
008 - CAMPO DE CONTROL (LIBRO)
fixed length control field 100623s1998||||sp a f |||| 001 0 spa d
020 ## - INTERNATIONAL STANDARD BOOK NUMBER
ISBN 8479031891
041 ## - CODIGO DE IDIOMA
Código de idioma del texto/pista de sonido o título separado spa
092 ## - SIGNATURA TOPOGRAFICA DEWEY LOCAL
número de clasificación 611.022
libristica 69
sección PUT
100 1# - ENTRADA PRINCIPAL--NOMBRE PERSONAL
Nombre personal Putz, Reinhard V.
Función Ed.
9 (RLIN) 1178
245 ## - TITULO PROPIAMENTE DICHO
Título Sobotta. Atlas de Anatomía Humana.
Subtítulo y Título paralelo T.1 Cabeza, Cuello y Miembro Superior /
Mención de responsabilidad y remanente de la transcripción de la portada Reinhard V. Putz
250 ## - MENCION DE EDICION
Mención de edición 20 a ed. en español de la obra en alemán /
Mención de responsabilidad relacionada con la ed. Traducción Alfonso Llamas ; José Luís Velayos e Ignacio Navascués. Prólogo de Fernando Reinoso Suárez
260 ## - PIE DE IMPRENTA
Lugar de publicación, distribución, etc Madrid:
Nombre de la editorial, distribuidor, etc Editorial Médica Panamericana;
Fecha de publicación 1998.
300 ## - DESCRIPCION FISICA
Extension 414 p.
Otros detalles físicos 683 ilustraciones
500 ## - NOTA GENERAL
Nota general Putz, R. y Pabst, R. (Eds.). (1998). Sobotta. Atlas de anatomía humana. T.1 Cabeza, Cuello y Miembro Superior. (20a ed.). Madrid : Editorial Médica Panamericana.
653 ## - TÉRMINO INDIZADO - PALABRAS CLAVES
Palabra clave Anatomía general
653 ## - TÉRMINO INDIZADO - PALABRAS CLAVES
Palabra clave Cabeza y cuello
653 ## - TÉRMINO INDIZADO - PALABRAS CLAVES
Palabra clave Miembro superior
653 ## - TÉRMINO INDIZADO - PALABRAS CLAVES
Palabra clave Encéfalo
653 ## - TÉRMINO INDIZADO - PALABRAS CLAVES
Palabra clave Ojo
653 ## - TÉRMINO INDIZADO - PALABRAS CLAVES
Palabra clave Oído
700 1# - ENTRADAS SECUNDARIAS - NOMBRE PERSONAL
Nombre personal Pabst, Reinhard
Función Ed.
9 (RLIN) 1179
930 ## - NUMERO DE INVENTARIO
Número de inventario 579
930 ## - NUMERO DE INVENTARIO
Número de inventario 581
930 ## - NUMERO DE INVENTARIO
Número de inventario 1634
930 ## - NUMERO DE INVENTARIO
Número de inventario 580
942 ## - ADDED ENTRY ELEMENTS (KOHA)
Source of classification or shelving scheme Dewey Decimal Classification
Item type Libros
Existencias
Estado de retiro Existencia Fuente de clasificación Estado general No para prestamo Colección Ubicación permanente ubicación actual Sala de ubicación Fecha de adquisición Total Checkouts Total Renewals Número de clasificación Código de barras Date last seen Date last borrowed Número de ejemplar Price effective from Koha tipo de elemento (item) Public note
    Dewey Decimal Classification     Reference Biblioteca Medicina Biblioteca Medicina Referencia 13/05/2011 30 1 611.022 69 PUT 579 11/11/2024 08/11/2024 ej.1 29/08/2011 Reference LIBRO DE CONSULTA
    Dewey Decimal Classification       Biblioteca Medicina Biblioteca Medicina Circulación 13/05/2011 94 3 611.022 69 PUT 581 19/05/2026 08/05/2026 ej.3 13/05/2011 Libros  
    Dewey Decimal Classification       Biblioteca Medicina Biblioteca Medicina Circulación 13/05/2011 125 9 611.022 69 PUT 1634 13/10/2025 07/10/2025 ej.4 13/05/2011 Libros  
    Dewey Decimal Classification       Biblioteca Medicina Biblioteca Medicina Circulación 13/05/2011 110 11 611.022 69 PUT 580 15/05/2026 08/05/2026 ej.2 13/05/2011 Libros  

UNIVERSIDAD NACIONAL DEL COMAHUE
Biblioteca de la Facultad de Ciencias Médicas
Sede Toschi: Los Arrayanes y Av. Toschi, Cipolletti  - Rio Negro
Sede Los Tordos:  Yrigoyen al 2211, Cipolletti - Rio Negro 

Teléfono: 0299 - 4774707 int 25
Contacto: biblioteca@facimed.uncoma.edu.ar
© 2011 - 2026